Statistics for Who Did That Pop Song

Click here to take the quiz!

General Stats

  • This quiz has been taken 322 times
    (312 since last reset)
  • The average score is 10 of 21

Answer Stats

SongArtist% Correct
HelloAdele
93%
Blank SpaceTaylor Swift
88%
ChandelierSia
84%
Hotline BlingDrake
82%
SorryJustin Bieber
79%
Hot n ColdKaty Perry
78%
Gangnam StylePSY
74%
See You AgainWiz Khalifa Featuring Charlie Puth
71%
Don'tEd Sheeran
68%
Never Gonna Give You UpRick Astley
61%
ChearleaderOMI
54%
My HouseFlo Rida
42%
Same Old LoveSelena Gomez
42%
HeartlessKanye West
32%
PerfectOne Direction
23%
#selfieThe Chainsmokers
22%
Locked AwayR. City Featuring Adam Levine
20%
Hide AwayDaya
14%
In The NightThe Weekend
12%
2 HeadsColeman Hell
1%
LevelsNick Johnas
0%

Score Distribution

Percentile by Number Answered

Percent of People with Each Score

Your Score History

You have not taken this quiz since the last reset